000 00508nam a2200181Ia 4500
001 24318
005 20260414151035.0
008 260414t2023||||xx |||||||||||||| ||spa||
041 _aESP
082 _a345.3
_bB119
100 _aBazalar Paz, Víctor Manuel,
_eAUT
245 0 _aLa valoración de la prueba por parte del fiscal :
_be la íntima convicción a la prueba científica
260 _c2023
300 _a319 páginas :
_c25 cm.
650 _aDER
654 _aCDE
942 _cLIB
_dJUS
_fJUS
_2ddc
_n
999 _c24318
_d24318